| 000 | 00883nam a2200277 i 4500 | ||
|---|---|---|---|
| 001 | 180681 | ||
| 003 | ES-MaACL | ||
| 005 | 20230906221148.0 | ||
| 008 | 120621s1975 sp af |||| |bspa d | ||
| 020 | _a84-279-8752-8 | ||
| 080 | _a75Hals, Frans | ||
| 100 | 1 |
_aHals, Frans. _9150725 |
|
| 245 | 1 | 3 |
_aLa obra pictórica completa de Frans Hals / _cintroducción de Claus Grimm ; biografía y estudios críticos de E.C. Montagni. |
| 250 | _a1ª ed. | ||
| 260 |
_aBarcelona : _bNoguer, _c1975 ( _fRizzoli) |
||
| 300 |
_a124 p. : _bil. col. y n. ; _c32 cm. |
||
| 490 | 1 |
_aClásicos del Arte ; _v46 |
|
| 500 | _aÍndices. | ||
| 504 | _aBibliografía: p. 82. | ||
| 600 | 1 | 4 |
_aHals, Frans. _9150725 |
| 700 | 1 |
_aGrimm, Claus. _9150726 |
|
| 700 | 1 |
_aMontagni, E. C. _9150727 |
|
| 830 | 0 |
_aClásicos del Arte ; _v46 _9191252 |
|
| 852 |
_aES-MaACL _jL-31081 |
||
| 999 |
_c180681 _d180681 |
||